00834nam a22001937a 4500003000400000008004100004020001800045082001500063100002000078245007000098250001300168260003800181300001100219650001200230942001200242999001700254952018500271952018400456OSt240330b |||||||| |||| 00| 0 eng d a9788125045335 a940.28 MAC aMASON, David S. aA Concise History of Modern Europe: Liberty, Equality, Solidarity aIst. ed. aTelanganabOrient BlackSwanc2017 a227 p. aEnglish 2ddccBK c12346d12346 00102ddc40708BAHONSENGaPIETNCRbPIETNCRd2024-03-23eZafaa Books & DistributorsfIn Rupeesg435.00kZBD0458l0o940.28 MACpN3549r2024-03-30 00:00:00v304.50w2024-03-23yREF 00102ddc40708BAHONSENGaPIETNCRbPIETNCRd2024-03-23eZafaa Books & DistributorsfIn Rupeesg435.00kZBD0458l0o940.28 MACpN3550r2024-03-30 00:00:00v304.50w2024-03-23yBK